000 00598nam a2200217 a 4500
001 BRCA_8243
005 20190320210207.0
008 270514s1956----gw-a###f##---#001-0#ger-#
041 _ager
044 _agw
050 4 _aPN6151
_b.D36 1956
100 1 _aDaninos, Pierre
_99342
245 1 0 _aWorüber die welt lacht
_beine kurzweilige geographie des humors
_cPierre Daninos.
260 _aDüsseldorf
_bDroste
_c1956
300 _a280 p.
_bil.
_c20 cm.
500 _aT77
650 1 4 _aHumorismo alemán
_96123
650 1 4 _aChistes ilustrados
_zAlemania
_920518
902 _aGFM
942 _2lcc
_cB
999 _c7911
_d7911